Appenzell-Ausserrhoden: Gemeinden nach Einwohnerzahl - Statistiken

Allgemein
  • Dieses Quiz wurde 33 mal gespielt
  • Das Durchschnittsergebnis liegt bei 6 aus 8
Antwortstatistiken
Einwohnerzahl Gemeinde % Korrekt
15'649 Herisau
100%
4434 Speicher
81%
6364 Teufen (AR)
81%
2263 Urnäsch
81%
3066 Gais
75%
4188 Heiden
75%
1860 Bühler
69%
2031 Walzenhausen
69%
Keine übereinstimmenden Quizze gefunden
Verteilung der Resultate
Anzahl Personen mit jedem Resultat
Perzentil nach korrekt beantworteten Fragen
Ihre Resultats-Entwicklung
Sie haben dieses Quiz noch nicht gespielt